[Event "Tourn. n9226"]
[Site "www.chess-mail.com"]
[Date "2017.03.14"]
[Round "1"]
[White "Greghghs"]
[Black "Piriot"]
[WhiteElo "2470"]
[BlackElo "2330"]
[Result "1/2-1/2"]
[Round "1"]
1.d4 d6
2.c4 e5
3.Nb1c3 exd4
4.Qd1xd4 Nb8c6
5.Qd4d2 Ng8f6
6.b3 a5
7.Bc1b2 a4
8.Ra1d1 axb3
9.axb3 g6
10.e4 Bf8g7
11.Bf1d3 O-O
12.Ng1e2 Nf6g4
13.O-O Nc6e5
14.h3 Ne5xd3
15.Qd2xd3 Ng4e5
16.Qd3c2 Rf8e8
17.Rd1a1 Ra8xa1
18.Rf1xa1 Ne5d7
19.f3 c6
20.Kf1 { draw }
1/2-1/2

[Event "Tourn. n9277"]
[Site "www.chess-mail.com"]
[Date "2017.03.14"]
[Round "1"]
[White "Griffo30"]
[Black "Mrjordan"]
[WhiteElo "1499"]
[BlackElo "1619"]
[Result "1-0"]
[Round "1"]
1.e4 d5
2.exd5 Qd8xd5
3.Nb1c3 Qd5e6
4.Bf1e2 Ng8f6
5.Ng1f3 Qe6g4
6.O-O Qg4g6
7.d4 Bc8h3
8.Nf3h4 e6
9.Nh4xg6 { resign }
1-0

[Event "Tourn. n9254"]
[Site "www.chess-mail.com"]
[Date "2017.03.14"]
[Round "1"]
[White "Chessghuttlu"]
[Black "A27l"]
[WhiteElo "1449"]
[BlackElo "1220"]
[Result "0-1"]
[Round "1"]
1.d4 d5
2.c4 c6
3.Nb1c3 e6
4.cxd5 cxd5
5.e4 dxe4
6.Nc3xe4 Ng8f6
7.Bc1g5 Bf8e7
8.Ne4xf6 Be7xf6
 { time }
0-1

[Event "Tourn. n9250"]
[Site "www.chess-mail.com"]
[Date "2017.03.14"]
[Round "1"]
[White "Milkyway"]
[Black "Libiesse"]
[WhiteElo "1970"]
[BlackElo "1780"]
[Result "1/2-1/2"]
[Round "1"]
1.d4 d5
2.e4 dxe4
3.Nb1c3 Ng8f6
4.Bc1g5 h6
5.Bg5xf6 gxf6
6.Nc3xe4 Nb8c6
7.Ng1f3 Bc8g4
8.c3 e5
9.dxe5 fxe5
10.Qd1xd8 Ra8xd8
11.Bf1e2 Bg4xf3
12.Be2xf3 Bf8e7
13.Ne4d2 Be7g5
{ draw }
1/2-1/2

[Event "Tourn. n9170"]
[Site "www.chess-mail.com"]
[Date "2017.03.14"]
[Round "1"]
[White "Hippomoomoo"]
[Black "Numanoid"]
[WhiteElo "2330"]
[BlackElo "2410"]
[Result "0-1"]
[Round "1"]
1.d4 Ng8f6
2.c4 e6
3.Nb1c3 d5
4.Bc1g5 c5
5.Ng1f3 cxd4
6.Nf3xd4 e5
7.Nd4c2 d4
8.Nc3d5 Bc8e6
9.e4 Nb8d7
10.Bf1d3 Be6xd5
11.cxd5 h6
12.Bg5d2 Bf8d6
13.b4 O-O
14.O-O a5
15.bxa5 Nd7c5
16.Qd1e2 Nc5xd3
17.Qe2xd3 Nf6d7
18.f3 f5
19.exf5 Nd7c5
20.Qd3c4 Rf8xf5
21.f4 Nc5e4
22.Qc4d3 Ne4xd2
 { time }
0-1

[Event "Tourn. n9278"]
[Site "www.chess-mail.com"]
[Date "2017.03.14"]
[Round "1"]
[White "Pellix84"]
[Black "B0zata"]
[WhiteElo "2070"]
[BlackElo "2170"]
[Result "1-0"]
[Round "1"]
1.d4 Ng8f6
2.Ng1f3 d5
3.e3 Bc8g4
4.Bf1e2 e6
5.O-O Bf8d6
6.Nb1d2 Nb8d7
7.c4 c5
8.b3 Ra8c8
9.Bc1b2 O-O
10.Nf3e5 Bg4xe2
11.Qd1xe2 Nf6e4
12.Nd2f3 cxd4
13.exd4 Bd6b4
14.Ra1c1 Nd7xe5
15.Nf3xe5 f6
16.Ne5d3 a5
17.f3 dxc4
18.bxc4 Ne4d2
19.Qe2xe6 Kh8
20.Rf1e1 Nd2xc4
21.Nd3xb4 Nc4xb2
22.Rc1xc8 Qd8xc8
23.Nb4d5 h6
24.Nd5e7 Qc8xe6
25.Re1xe6 Rf8d8
26.d5 Nb2d3
27.d6 Nd3c5
28.Re6e3 Rd8xd6
29.Ne7f5 Rd6d2
30.Re3e8 Kh7
31.Re8e7 Nc5d3
32.Re7xg7 Kh8
33.h4 Nd3f4
34.g3 Nf4e2
35.Kf1 Ne2d4
36.Rg7d7 Rd2d1
37.Kf2 Rd1d2
38.Ke3 Rd2xa2
39.Rd7xd4 a4
40.Nf5xh6 Kg7
41.Nh6f5 Kg6
42.g4 a3
43.h5 Kg5
44.h6 Ra2h2
45.Rd4a4 a2
46.Kd3 b5
47.Ra4a7 b4
48.Kc4 Kf4
49.Kb3 Kxf3
50.Ra7xa2 Rh2h3
51.Kxb4 Kxg4
52.Ra2a5 Kg5
53.Kc4 Kg6
54.Kd4 Rh3h5
55.Ke4 Rh5g5
56.Ra5d5 Rg5g4
57.Kd3 Rg4g5
58.Kc4 Rg5h5
59.Kc5 Kh7
60.Kd6 Kg6
61.Ke6 Rh5g5
62.Ke7 Rg5h5
63.Kf8 Rh5g5
64.Kg8 Rg5h5
65.Rd5d7 Kxf5
66.h7 Ke6
67.Rd7g7 f5
68.h8Q Rh5xh8
69.Kxh8 Ke5
70.Rg7e7 Kf4
71.Kg7 Kf3
72.Kf6 f4
73.Kf5 Kg3
74.Re7g7 Kf3
75.Rg7g4 { resign }
1-0

[Event "Match"]
[Site "www.echecsemail.com"]
[Date "2017.03.14"]
[Round "1"]
[White "Osvalazo"]
[Black "Libiesse"]
[WhiteElo "1800"]
[BlackElo "1770"]
[Result "1/2-1/2"]
[Round "1"]
1.c4 c5
2.e4 e6
3.Ng1f3 Nb8c6
4.Nb1c3 a6
5.d4 cxd4
6.Nf3xd4 Qd8c7
7.g3 d6
8.Bf1g2 Bc8d7
9.Nd4f3 Ng8f6
10.O-O Bf8e7
11.Bc1g5 O-O
12.Bg5xf6 Be7xf6
13.a3 Rf8d8
14.Qd1d3 Nc6e5
15.Nf3xe5 Bf6xe5
16.Ra1c1 Ra8c8
17.b3 Be5xc3
{ draw }
1/2-1/2

[Event "Match"]
[Site "www.echecsemail.com"]
[Date "2017.03.14"]
[Round "1"]
[White "Ssharp"]
[Black "Bojan"]
[WhiteElo "2210"]
[BlackElo "2020"]
[Result "1-0"]
[Round "1"]
1.e4 e5
2.f4 exf4
3.Bf1c4 h5
4.Ng1f3 f6
5.Bc4xg8 Rh8xg8
6.d4 g5
7.O-O Rg8g7
8.e5 d6
9.exf6 Qd8xf6
10.Nb1c3 Bc8f5
11.Nc3d5 Qf6d8
12.Rf1e1 Kd7
13.c4 Bf5e6
14.Nd5c3 c6
15.Kh1 Be6xc4
16.Qd1a4 b5
17.Qa4c2 Qd8f6
18.Nf3d2 Bc4e6
19.d5 Be6xd5
20.Nc3xd5 cxd5
21.Qc2d3 a6
22.Qd3xd5 Nb8c6
23.Nd2e4 Qf6f7
24.Ne4c5 Kc7
25.Nc5e6 Kb6
26.a4 Ra8e8
27.axb5 axb5
28.Ra1a6 Kxa6
29.Qd5xc6 Ka7
30.Bc1e3 Kb8
31.Be3a7 Qf7xa7
32.Qc6xe8 Kb7
33.Ne6xg7 { resign }
1-0

[Event "Match"]
[Site "www.echecsemail.com"]
[Date "2017.03.14"]
[Round "1"]
[White "Milkyway"]
[Black "Calponas"]
[WhiteElo "1920"]
[BlackElo "2010"]
[Result "1/2-1/2"]
[Round "1"]
1.d4 Ng8f6
2.c4 g6
3.Nb1c3 d5
4.Bc1f4 Bf8g7
5.e3 O-O
6.Ng1f3 e6
7.cxd5 Nf6xd5
8.Nc3xd5 exd5
9.Bf1d3 Rf8e8
10.O-O c6
11.Rf1e1 Nb8d7
12.a3 Nd7f6
13.Bf4g5 Qd8d6
14.Bg5xf6 Qd6xf6
15.Nf3e5 Bc8f5
16.Bd3xf5 Qf6xf5
17.Ne5f3 Re8e7
18.h3 Ra8e8
19.Qd1d2 f6
20.Ra1c1 Kh8
21.b4 a6
22.Qd2c2 Qf5xc2
23.Rc1xc2 f5
24.g3 h6
25.Nf3h4 Kh7
26.Nh4g2 g5
27.h4 Kg6
28.hxg5 { draw }
1/2-1/2

[Event "Match"]
[Site "www.echecsemail.com"]
[Date "2017.03.14"]
[Round "1"]
[White "Coraza"]
[Black "Billyg"]
[WhiteElo "1770"]
[BlackElo "1730"]
[Result "1-0"]
[Round "1"]
1.e4 e5
2.Ng1f3 d6
3.d4 exd4
4.Nf3xd4 Qd8e7
5.Bf1b5 c6
6.Bb5d3 d5
7.O-O dxe4
8.Rf1e1 Ng8f6
9.Bd3xe4 Nf6xe4
10.f3 f5
11.fxe4 fxe4
12.Nb1c3 Nb8a6
13.Re1xe4 Qe7xe4
14.Nc3xe4 Bc8f5
15.Nd4xf5 Ra8d8
16.Qd1e2 Kf7
17.Qe2c4 Rd8d5
18.Bc1e3 Bf8c5
19.Be3xc5 b6
20.Nf5d6 Kg8
21.Nd6f5 b5
22.Qc4c3 Rd5xf5
23.Bc5xa7 Kf8
24.Qc3xc6 Rf5f6
25.Ne4xf6 gxf6
26.Qc6xa6 Rh8g8
27.Qa6xf6 { resign }
1-0

[Event "Match"]
[Site "www.echecsemail.com"]
[Date "2017.03.14"]
[Round "1"]
[White "Pdebonis"]
[Black "Aperturaf"]
[WhiteElo "2209"]
[BlackElo "2520"]
[Result "1/2-1/2"]
[Round "1"]
1.e4 e6
2.Qd1e2 c5
3.g3 Nb8c6
4.Bf1g2 g6
5.c3 Bf8g7
6.f4 Ng8e7
7.Ng1f3 d6
8.O-O O-O
9.Nb1a3 Ra8b8
10.e5 dxe5
11.fxe5 Ne7f5
12.d3 h6
13.g4 Nf5e7
14.Bc1f4 Ne7d5
15.Bf4g3 b5
16.Na3c2 Bc8b7
17.Nf3d2 Nd5b6
18.Ra1e1 Nb6a4
19.Nd2e4 Nc6xe5
20.d4 cxd4
21.cxd4 Ne5c4
22.Bg3xb8 Qd8xb8
23.b3 Bb7xe4
24.Bg2xe4 Na4c3
25.Qe2d3 Nc3xe4
26.Re1xe4 Nc4d6
27.Re4e2 Qb8b6
28.Kh1 Rf8c8
29.d5 e5
30.Nc2b4 e4
31.Qd3e3 Qb6xe3
32.Re2xe3 Rc8c5
33.Nb4c6 Kh7
34.Nc6xa7 Rc5xd5
35.a4 f5
36.Na7xb5 Nd6xb5
37.axb5 Rd5xb5
38.b4 Bg7d4
39.Re3a3 Rb5xb4
40.gxf5 gxf5
41.Rf1xf5 Rb4b1
42.Kg2 Rb1b2
43.Kh3 { draw }
1/2-1/2

[Event "Match"]
[Site "www.echecsemail.com"]
[Date "2017.03.14"]
[Round "1"]
[White "Ztornad"]
[Black "Guidom"]
[WhiteElo "1720"]
[BlackElo "2040"]
[Result "0-1"]
[Round "1"]
1.e4 e5
2.Nb1c3 Bf8b4
3.Ng1e2 Ng8f6
4.a3 Bb4a5
5.d3 O-O
6.Bc1e3 d6
7.b4 Ba5b6
8.Be3xb6 axb6
9.Nc3d5 Nf6xd5
10.exd5 f5
11.Ne2g3 Qd8g5
12.h4 Qg5f4
13.Ng3h5 Qf4d4
14.Ra1c1 Qd4xd5
15.c4 Qd5d4
16.Qd1d2 Ra8xa3
17.Bf1e2 f4
18.f3 Bc8f5
19.Rc1d1 g6
20.g4 Bf5e6
21.Nh5xf4 Rf8xf4
22.Rh1h2 Qd4g1
23.Be2f1 Rf4xf3
24.Rh2f2 Rf3xf2
25.Qd2xf2 Qg1xf2
26.Kxf2 Be6xg4
27.Rd1d2 Nb8d7
28.Bf1g2 Nd7f6
 { time }
0-1

[Event "Fast Game"]
[Site "www.echecsemail.com"]
[Date "2017.03.14"]
[Round "1"]
[White "Piriot"]
[Black "Vgrynyuk"]
[WhiteElo "1719"]
[BlackElo "1599"]
[Result "0-1"]
[Round "1"]
1.Ng1f3 d5
2.d4 Ng8f6
3.c4 c6
4.Nb1c3 e6
5.Bc1g5 Bf8e7
6.e3 O-O
7.Qd1c2 Nb8d7
8.Bf1d3 h6
9.Bg5h4 dxc4
10.Bd3xc4 b5
11.Bc4d3 Bc8b7
12.O-O a6
13.Rf1d1 Ra8c8
14.Nf3e5 c5
15.dxc5 g5
16.Bh4g3 Rc8xc5
17.Ne5xd7 Nf6xd7
18.Qc2e2 Qd8b6
19.a4 b4
20.Nc3e4 Bb7xe4
21.Bd3xe4 Rf8d8
22.Be4d3 a5
23.Bd3b5 Nd7f8
24.Rd1xd8 Be7xd8
25.Ra1d1 Bd8c7
26.f4 Rc5d5
27.Rd1xd5 exd5
28.Bg3f2 Qb6e6
29.Qe2f3 Qe6f5
30.g3 Nf8e6
31.Qf3d1 Bc7b6
32.g4 Qf5f6
33.f5 Ne6c7
34.Qd1c2 Nc7xb5
35.axb5 Kg7
36.Kg2 a4
37.Qc2c1 a3
38.bxa3 { time. }
0-1

[Event "Fast Game"]
[Site "www.echecsemail.com"]
[Date "2017.03.14"]
[Round "1"]
[White "Attatroll"]
[Black "Mihaiiorga"]
[WhiteElo "1850"]
[BlackElo "1909"]
[Result "0-1"]
[Round "1"]
1.e4 d6
2.b3 Ng8f6
3.Nb1c3 Nb8d7
4.Bc1b2 e5
5.Ng1f3 Bf8e7
6.Bf1e2 O-O
7.O-O Nd7b6
8.d3 Bc8g4
9.h3 Bg4xf3
10.Be2xf3 Nf6d7
11.Qd1e2 c6
12.g4 a5
13.a4 Nd7c5
14.Kg2 Qd8c7
15.Nc3a2 f6
16.Na2c3 Ra8d8
17.Rf1d1 d5
18.exd5 cxd5
19.Bb2a3 Nc5e6
20.Nc3b5 Qc7d7
21.c4 Be7xa3
22.Ra1xa3 dxc4
23.dxc4 Qd7xd1
24.Qe2xd1 Rd8xd1
25.Bf3xd1 Rf8d8
26.Bd1f3 Ne6c5
27.Nb5c7 e4
28.Nc7e6 exf3
{ resign }
0-1

[Event "Fast Game"]
[Site "www.echecsemail.com"]
[Date "2017.03.14"]
[Round "1"]
[White "Cal"]
[Black "Attatroll"]
[WhiteElo "1680"]
[BlackElo "1850"]
[Result "1-0"]
[Round "1"]
1.Nb1c3 d5
2.d4 Ng8f6
3.h3 c6
4.Ng1f3 Bc8f5
5.e3 e6
6.a3 Nb8d7
7.Bf1d3 Nf6e4
8.Bd3xe4 dxe4
9.Nf3h2 Bf8d6
10.b4 Nd7b6
11.O-O Nb6d5
12.Nc3e2 h6
13.c4 Nd5f6
14.f3 O-O
15.f4 Bf5h7
16.Bc1b2 a5
17.Ne2g3 axb4
18.a4 c5
19.d5 exd5
20.cxd5 Qd8d7
21.Bb2xf6 gxf6
22.Qd1c2 Rf8e8
23.Nh2g4 f5
24.Ng4f6 { resign }
1-0

[Event "Tourn. n9208"]
[Site "www.chess-mail.com"]
[Date "2017.03.15"]
[Round "1"]
[White "Winston"]
[Black "Aalekhine"]
[WhiteElo "1800"]
[BlackElo "1950"]
[Result "1-0"]
[Round "1"]
1.e4 e5
2.Ng1f3 Nb8c6
3.Bf1c4 Bf8c5
4.c3 Ng8f6
5.d4 exd4
6.cxd4 Bc5b4
7.Bc1d2 Bb4xd2
8.Nb1xd2 d6
9.d5 Nc6e5
10.Nf3xe5 dxe5
11.O-O O-O
12.Rf1e1 c6
13.dxc6 bxc6
14.Nd2f3 Qd8xd1
15.Ra1xd1 Bc8g4
16.Rd1d3  { time }
1-0

[Event "Tourn. n9247"]
[Site "www.chess-mail.com"]
[Date "2017.03.15"]
[Round "1"]
[White "Aalekhine"]
[Black "Vasylpuzanov"]
[WhiteElo "1900"]
[BlackElo "1620"]
[Result "0-1"]
[Round "1"]
1.c4 e5
2.Nb1c3 Nb8c6
3.e3 Bf8c5
4.Ng1e2 Ng8f6
5.d4 exd4
6.exd4 Bc5b4
7.f3 O-O
8.Bc1g5 d5
9.Bg5xf6 gxf6
10.a3 Bb4xc3
 { time }
0-1

[Event "Tourn. n9225"]
[Site "www.chess-mail.com"]
[Date "2017.03.15"]
[Round "1"]
[White "Powerchess"]
[Black "Cal"]
[WhiteElo "1480"]
[BlackElo "1650"]
[Result "0-1"]
[Round "1"]
1.e4 e5
2.Ng1f3 d6
3.d4 exd4
4.Nf3xd4 Ng8f6
5.Nb1c3 h6
6.Bf1e2 c5
7.Nd4f3 Bc8g4
8.h3 Bg4h5
9.O-O Bf8e7
10.Rf1e1 O-O
11.Bc1e3 Nb8c6
12.Nf3d2 a6
13.Be2xh5 Nc6e5
14.Bh5e2 b5
15.Be2f3 b4
16.Nc3e2 Ne5g6
17.c3 bxc3
18.Ne2xc3 Ra8b8
 { time }
0-1

[Event "Tourn. n9267"]
[Site "www.chess-mail.com"]
[Date "2017.03.15"]
[Round "1"]
[White "Powerchess"]
[Black "Cal"]
[WhiteElo "1620"]
[BlackElo "1630"]
[Result "0-1"]
[Round "1"]
1.c4 e5
2.Nb1c3 Bf8b4
3.Nc3d5 d6
4.Nd5xb4 Ng8f6
5.d3 a6
6.Ng1f3 h6
7.Bc1d2 Bc8e6
8.g3 c5
9.Bf1g2 cxb4
 { time }
0-1

[Event "Tourn. n9158"]
[Site "www.chess-mail.com"]
[Date "2017.03.15"]
[Round "1"]
[White "Passaroa25"]
[Black "Autmich"]
[WhiteElo "1590"]
[BlackElo "1680"]
[Result "0-1"]
[Round "1"]
1.e4 c5
2.c3 Nb8c6
3.f3 d6
4.Ng1e2 Ng8f6
5.d3 e5
6.Nb1d2 Bf8e7
7.Ne2g3 Bc8e6
8.Nd2b3 b5
9.Bc1d2 O-O
10.Bf1e2 Qd8b6
11.Bd2e3 b4
12.O-O bxc3
13.bxc3 Ra8b8
14.Ra1b1 Qb6c7
15.Be3f2 Rb8b7
16.Ng3f5 Be6xf5
17.exf5 Rf8b8
18.g4 Nf6d5
19.Qd1c2 Nd5f4
20.Be2d1 Nf4h3
21.Kg2 Nh3xf2
22.Qc2xf2 a5
23.h4 a4
24.Nb3d2 Rb7xb1
25.Nd2xb1 Rb8xb1
26.Bd1xa4 Rb1xf1
27.Qf2xf1 Be7xh4
28.Ba4b3 Qc7a5
29.Qf1c1 Qa5a6
30.Bb3c4 Qa6a7
31.Kh3 Bh4f6
32.a4 Qa7xa4
33.Qc1e1 Qa4c2
34.Bc4b5 Nc6a5
35.Bb5c4 Na5xc4
36.dxc4 Qc2d3
37.Qe1e4 Qd3xe4
38.fxe4 Bf6d8
39.Kg3 Bd8a5
40.Kf3 Ba5xc3
41.Ke3 g6
42.f6 h5
43.Kd3 Bc3d4
44.gxh5 gxh5
45.Ke2 Kh7
46.Kf1 Kg6
47.Kg2 Kxf6
48.Kh3 Kg5
49.Kg3 h4
50.Kh3 f6
{ resign }
0-1

[Event "Tourn. n9260"]
[Site "www.chess-mail.com"]
[Date "2017.03.15"]
[Round "1"]
[White "Chessghuttlu"]
[Black "Redabond"]
[WhiteElo "1449"]
[BlackElo "1690"]
[Result "0-1"]
[Round "1"]
1.e4 e5
2.Ng1f3 Nb8c6
3.d4 exd4
4.Nf3xd4 Nc6xd4
5.Qd1xd4 Qd8e7
6.Bf1c4 d6
7.Nb1c3 Ng8f6
8.Bc1g5 h6
9.Bg5xf6 Qe7xf6
10.Qd4xf6 gxf6
11.Nc3d5 Kd8
12.Nd5xf6 Bf8g7
 { time }
0-1

[Event "Tourn. n9180"]
[Site "www.chess-mail.com"]
[Date "2017.03.15"]
[Round "1"]
[White "Andychesston"]
[Black "Pariolinius"]
[WhiteElo "1990"]
[BlackElo "1940"]
[Result "1/2-1/2"]
[Round "1"]
1.e4 c5
2.Ng1f3 d6
3.d4 cxd4
4.Nf3xd4 Ng8f6
5.Nb1c3 a6
6.Bf1d3 e6
7.Nd4f3 Bf8e7
8.Bc1g5 Nb8d7
9.O-O b5
10.Qd1d2 Bc8b7
11.Qd2e2 Ra8c8
12.Nf3d4 O-O
13.f3 e5
14.Bg5xf6 Be7xf6
15.Nd4f5 Nd7c5
16.Ra1d1 Nc5xd3
17.Rd1xd3 Bf6e7
18.Rf1d1 Qd8b6
19.Kh1 Qb6c7
20.Nf5xe7 Qc7xe7
21.Nc3d5 Bb7xd5
22.Rd3xd5 Rf8d8
23.b3 Rc8c3
24.Qe2d2 Rc3c6
25.c4 bxc4
26.bxc4 h6
27.Qd2b4 Qe7c7
28.c5 a5
29.Qb4b5 Rd8b8
30.Qb5d3 Rb8d8
31.Rd5xd6 Rc6xd6
32.cxd6 Qc7d7
33.Qd3d5 Rd8e8
34.Qd5xa5 Re8e6
35.Qa5b6 Kh7
36.Qb6c7 Qd7a4
37.Rd1c1 Qa4d4
38.Qc7xf7 Re6xd6
39.Qf7f5 Rd6g6
40.h4 Qd4f2
41.Qf5h3 Rg6g3
42.Qh3f5 Rg3g6
43.Qf5h3 Qf2xa2
44.h5 Rg6f6
45.Qh3g3 Qa2d2
46.Rc1c5 Qd2f4
47.Qg3xf4 exf4
48.Rc5f5 Rf6xf5
49.exf5 Kg8
50.g4 Kf7
51.Kh2 Kf6
52.Kh3 Kg5
53.Kg2 Kh4
54.Kh2 Kg5
55.Kh3 Kf6
56.Kh4 Ke5
57.g5 Kxf5
58.g6 Kf6
59.Kg4 { draw }
1/2-1/2

[Event "Tourn. n9195"]
[Site "www.chess-mail.com"]
[Date "2017.03.15"]
[Round "1"]
[White "Passaroa25"]
[Black "Powerchess"]
[WhiteElo "1590"]
[BlackElo "1500"]
[Result "1-0"]
[Round "1"]
1.e4 e6
2.f3 d5
3.d3 dxe4
4.dxe4 Qd8xd1
5.Kxd1 Nb8c6
6.c3 Bc8d7
7.Nb1d2 O-O-O
8.Nd2b3 e5
9.Bc1d2 f6
10.Kc2 Bd7e6
11.Bf1d3 a6
12.Ra1c1 Bf8d6
13.Kb1 Ng8e7
14.Ng1e2 Kb8
15.Ne2g3 Be6xb3
16.axb3 g6
17.Bd2h6 Rh8g8
18.Bh6g5 fxg5
19.b4  { time }
1-0

[Event "Tourn. n9260"]
[Site "www.chess-mail.com"]
[Date "2017.03.15"]
[Round "1"]
[White "Cal"]
[Black "Powerchess"]
[WhiteElo "1690"]
[BlackElo "1630"]
[Result "1-0"]
[Round "1"]
1.c4 e5
2.a3 d6
3.e4 Ng8f6
4.d3 Bf8e7
5.h3 O-O
6.Bc1g5 Nb8c6
7.Ng1f3 a6
8.b4 h6
9.Bg5xf6 Be7xf6
10.Bf1e2 Rf8e8
11.Nb1d2 Bc8e6
12.O-O  { time }
1-0

[Event "Tourn. n9254"]
[Site "www.chess-mail.com"]
[Date "2017.03.15"]
[Round "1"]
[White "Arerax"]
[Black "Azulmarino"]
[WhiteElo "1269"]
[BlackElo "1460"]
[Result "0-1"]
[Round "1"]
1.e4 e5
2.Bf1c4 Nb8c6
3.Qd1f3 f6
4.Ng1e2 Bf8c5
5.d3 d6
6.Bc1e3 Nc6b4
7.Nb1a3 Ng8e7
 { time }
0-1

[Event "Tourn. n9278"]
[Site "www.chess-mail.com"]
[Date "2017.03.15"]
[Round "1"]
[White "B0zata"]
[Black "Guzenko"]
[WhiteElo "2170"]
[BlackElo "2000"]
[Result "1-0"]
[Round "1"]
1.d4 d5
2.c4 e6
3.Nb1c3 Ng8f6
4.Bc1g5 Bf8e7
5.Ng1f3 h6
6.Bg5h4 Nb8c6
7.cxd5 Nf6xd5
8.Bh4xe7 Nd5xe7
{ time. }
1-0

[Event "Tourn. n9199"]
[Site "www.chess-mail.com"]
[Date "2017.03.15"]
[Round "1"]
[White "Osopanda"]
[Black "Sorim"]
[WhiteElo "2030"]
[BlackElo "1960"]
[Result "1-0"]
[Round "1"]
1.d4 Ng8f6
2.c4 e6
3.Nb1c3 d5
4.cxd5 exd5
5.Ng1f3 Nb8c6
6.h3 Bf8b4
7.Bc1g5 O-O
8.e3 h6
9.Bg5h4 Bc8f5
10.Bf1e2 Qd8d6
11.O-O Nf6e4
12.Nc3xe4 dxe4
13.Nf3e5 Nc6xe5
14.dxe5 Qd6xe5
15.Bh4g3 Qe5a5
16.a3 Bb4e7
17.b4 Qa5b6
18.Ra1c1 c6
19.Bg3e5 Ra8d8
20.Qd1b3 a5
21.Be5d4 Qb6c7
22.Be2c4 axb4
23.axb4 b6
{ time. }
1-0

[Event "Match"]
[Site "www.echecsemail.com"]
[Date "2017.03.15"]
[Round "1"]
[White "Manolinex"]
[Black "Obisporey"]
[WhiteElo "2880"]
[BlackElo "2680"]
[Result "1-0"]
[Round "1"]
1.g3 d5
2.Ng1f3 c5
3.Bf1g2 Nb8c6
4.d4 Ng8f6
5.O-O cxd4
6.Nf3xd4 e5
7.Nd4xc6 bxc6
8.Bc1g5 Bc8a6
9.Bg5xf6 Qd8xf6
10.Nb1d2 Bf8e7
11.c4 O-O
12.Qd1a4 Ba6b7
13.Nd2b3 Rf8d8
14.Ra1c1 Be7f8
15.Nb3a5 Ra8b8
16.b4 Bb7a8
17.a3 Rb8b6
18.c5 Rb6b8
19.e4 Qf6e6
20.exd5 cxd5
21.c6 Rd8c8
22.b5 a6
23.bxa6 Rb8b2
24.Rc1b1 Rb2xb1
25.Rf1xb1 e4
26.Qa4d4 Ba8xc6
27.Rb1b6 Qe6d7
28.Na5xc6 Rc8xc6
29.Rb6xc6 Qd7xc6
30.a7 Bf8c5
31.Qd4xc5 Qc6xc5
32.a8Q Qc5f8
33.Qa8a7 { resign }
1-0

[Event "Match"]
[Site "www.echecsemail.com"]
[Date "2017.03.15"]
[Round "1"]
[White "Pariolinius"]
[Black "Coraza"]
[WhiteElo "2040"]
[BlackElo "1770"]
[Result "0-1"]
[Round "1"]
1.b3 e5
2.Bc1b2 Nb8c6
3.Nb1c3 Ng8f6
4.d3 Bf8b4
5.e4 O-O
6.Ng1f3 d5
7.a3 Bb4c5
8.b4 Bc5xf2
9.Kxf2 Bc8g4
10.Bf1e2 d4
11.Nc3b1 Nf6h5
12.Rh1f1 Bg4xf3
13.Be2xf3 Nh5f6
14.Kg1 b5
15.Bb2c1 h6
16.Bc1xh6 gxh6
17.Nb1d2 Nc6e7
18.Bf3e2 Ne7g6
19.g3 a5
20.Nd2f3 Nf6g4
21.Qd1c1 Ng4e3
22.Rf1f2 Ne3g4
23.Rf2f1 a4
24.h3 Ng4e3
25.Rf1f2 Kh8
26.Rf2h2 Ra8a6
27.c3 Ra6c6
28.Qc1b2 Rc6xc3
29.Ra1c1 Rc3b3
30.Qb2a2 f5
31.exf5 Ne3xf5
32.Kg2 Qd8d5
33.Rc1c5 Qd5b7
34.Kg1 Nf5xg3
35.Rh2g2 Ng3xe2
36.Rg2xe2 Qb7xf3
37.Re2f2 Qf3d1
38.Kg2 Ng6h4
39.Kg3 Qd1g1
40.Kxh4 Rf8xf2
{ resign }
0-1

[Event "Match"]
[Site "www.echecsemail.com"]
[Date "2017.03.15"]
[Round "1"]
[White "Midknightblu"]
[Black "Griffo30"]
[WhiteElo "1499"]
[BlackElo "1499"]
[Result "0-1"]
[Round "1"]
1.e4 e6
2.Ng1f3 d5
3.exd5 exd5
4.Nf3d4 Bf8d6
5.Bf1d3 Ng8e7
6.O-O O-O
7.Nb1c3 c6
8.b3 Qd8a5
9.Qd1h5 h6
10.a4 Nb8d7
11.Nd4f5 Ne7xf5
12.Qh5xf5 Nd7f6
13.Qf5f3 Bc8g4
14.Qf3e3 Rf8e8
15.Bd3e4 Nf6xe4
16.Nc3xe4 Re8xe4
17.Qe3c3 Bd6b4
18.Qc3b2 Bg4e2
19.Rf1e1 Ra8e8
20.g3 Be2f3
21.Re1xe4 Re8xe4
22.Kf1 Qa5a6
23.d3 Re4e1
{ resign }
0-1

[Event "Match"]
[Site "www.echecsemail.com"]
[Date "2017.03.15"]
[Round "1"]
[White "Fangshuo"]
[Black "Guidom"]
[WhiteElo "2050"]
[BlackElo "2020"]
[Result "1/2-1/2"]
[Round "1"]
1.e4 e5
2.Ng1f3 Nb8c6
3.b3 d6
4.Bc1b2 Bc8g4
5.Bf1e2 Ng8f6
6.d3 Bf8e7
7.Nb1d2 O-O
8.Nd2c4 Qd8d7
9.O-O h6
10.Nc4e3 Bg4xf3
11.Be2xf3 Kh7
12.Ne3f5 g6
13.Nf5xe7 Qd7xe7
14.Rf1e1 Nf6d7
15.d4 exd4
16.Bb2xd4 Nd7e5
17.Bf3e2 Nc6xd4
18.Qd1xd4 Ne5c6
19.Qd4c4 Ra8e8
20.Be2d3 Nc6e5
21.Qc4c3 Ne5xd3
22.cxd3 c6
23.Re1e3 Qe7e5
24.d4 Qe5b5
25.a4 Qb5b6
26.Kh1 Re8e6
27.f4 Rf8e8
28.e5 dxe5
29.fxe5 Qb6c7
30.Ra1e1 Qc7d7
31.Qc3d2 Kg7
32.Re3h3 g5
33.Rh3g3 Re6xe5
34.Re1xe5 Re8xe5
35.Rg3e3 Re5xe3
36.Qd2xe3 Qd7e6
37.Qe3c3 Qe6d5
38.Kg1 f6
39.a5 a6
40.Qc3b4 Qd5d7
41.Qb4c4 Qd7e7
42.Kf2 Qe7e4
43.g3 Qe4d5
44.Ke3 Qd5xc4
45.bxc4 Kf7
46.Ke4 Ke6
47.d5 cxd5
48.cxd5 Kd6
49.Kf5 Kxd5
50.Kxf6 Kc6
51.Kg6 Kb5
52.Kxh6 Kxa5
53.Kxg5 b5
54.h4 b4
55.h5 b3
{ draw }
1/2-1/2

[Event "Match"]
[Site "www.echecsemail.com"]
[Date "2017.03.15"]
[Round "1"]
[White "Sozaro"]
[Black "Cal"]
[WhiteElo "1699"]
[BlackElo "1590"]
[Result "1-0"]
[Round "1"]
1.d4 d5
2.c4 dxc4
3.Nb1c3 e6
4.e4 h6
5.Bf1xc4 Bf8b4
6.Qd1a4 Nb8c6
7.d5 Bb4xc3
8.bxc3 Bc8d7
9.dxc6 Bd7xc6
10.Bc4b5 Ng8e7
11.Bc1a3 Bc6xb5
12.Qa4xb5 c6
13.Qb5xb7 O-O
14.Ba3xe7 Qd8e8
15.Be7xf8 Qe8xf8
16.Ng1f3 Ra8b8
17.Qb7xa7 Rb8b2
18.O-O Kh7
19.Ra1d1 f6
20.Rd1d2 Rb2xd2
21.Nf3xd2 c5
22.Rf1b1 Qf8d6
23.Rb1b7 Kg6
24.Rb7xg7 Kh5
25.Qa7f7 Kh4
26.Nd2f3 { resign }
1-0

[Event "1/128 Finale"]
[Site "www.chess-mail.com"]
[Date "2017.03.15"]
[Round "1"]
[White "Redabond"]
[Black "Chessghuttlu"]
[WhiteElo "1690"]
[BlackElo "1449"]
[Result "1-0"]
[Round "1"]
1.d4 Ng8f6
2.Bc1g5 Nf6e4
3.Bg5f4 e6
4.c3 d5
5.Ng1f3 Nb8d7
6.e3 Bf8e7
7.Bf1d3 Nd7f6
8.Bd3xe4 Nf6xe4
9.O-O O-O
10.Nb1d2 f5
11.Nd2xe4 fxe4
12.Nf3d2 c5
13.dxc5 Be7xc5
14.Nd2b3  { time }
1-0

[Event "Tourn. n9242"]
[Site "www.chess-mail.com"]
[Date "2017.03.16"]
[Round "1"]
[White "Orhany24"]
[Black "Actmy"]
[WhiteElo "2240"]
[BlackElo "2290"]
[Result "0-1"]
[Round "1"]
1.e4 c6
2.d4 d5
3.e5 c5
4.c3 Nb8c6
5.Ng1f3 Qd8b6
6.h3 Bc8f5
7.Bf1d3 Bf5xd3
8.Qd1xd3 e6
9.O-O Ng8e7
10.b3 Ne7f5
11.Bc1e3 Nf5xe3
12.Qd3xe3 Bf8e7
13.Nb1d2 cxd4
14.cxd4 Be7a3
15.Ra1d1 O-O
16.Nd2b1 Ba3e7
17.Nb1c3 Rf8c8
18.Nc3a4 Qb6a5
19.Rd1c1 Be7a3
20.Rc1c2 Rc8c7
21.Na4c5 Ra8c8
22.Nf3d2 Nc6xd4
23.Qe3xd4 Rc7xc5
{ resign }
0-1

[Event "Tourn. n9247"]
[Site "www.chess-mail.com"]
[Date "2017.03.16"]
[Round "1"]
[White "Jjmcbride"]
[Black "Vasylpuzanov"]
[WhiteElo "1680"]
[BlackElo "1620"]
[Result "1-0"]
[Round "1"]
1.e4 c5
2.Ng1f3 d6
3.Bf1b5 Bc8d7
4.Qd1e2 Nb8c6
5.b3 Ng8f6
6.Bc1b2 e5
7.h3 Bf8e7
8.Bb5d3 O-O
9.c3 h6
10.Bd3c2 a6
11.d4 cxd4
12.cxd4 exd4
{ time. }
1-0

[Event "Tourn. n9253"]
[Site "www.chess-mail.com"]
[Date "2017.03.16"]
[Round "1"]
[White "Libiesse"]
[Black "Powerchess"]
[WhiteElo "1780"]
[BlackElo "1630"]
[Result "1-0"]
[Round "1"]
1.d4 Ng8f6
2.c4 e6
3.Ng1f3 b6
4.Nb1c3 Bc8b7
5.Bc1g5 Bf8b4
6.Qd1c2 O-O
7.a3 Bb4xc3
8.Qc2xc3 d6
9.e3 Nb8d7
10.Ra1d1 h6
11.Bg5h4 Rf8e8
12.Bf1e2 a6
13.O-O Qd8b8
14.b4 e5
{ time. }
1-0

[Event "Tourn. n9225"]
[Site "www.chess-mail.com"]
[Date "2017.03.16"]
[Round "1"]
[White "Robinjut"]
[Black "Powerchess"]
[WhiteElo "1540"]
[BlackElo "1480"]
[Result "1-0"]
[Round "1"]
1.e4 d5
2.e5 c5
3.Ng1f3 Nb8c6
4.d3 Bc8g4
5.h3 Bg4xf3
6.Qd1xf3 e6
7.Nb1d2 Nc6xe5
8.Qf3h5 Ne5g6
9.Nd2f3 Ng8f6
10.Qh5g5 h6
11.Qg5d2 Bf8e7
12.b3 O-O
13.Bf1e2 a6
14.O-O Be7d6
15.c4 d4
16.b4 Bd6f4
17.Qd2c2 Bf4xc1
18.Ra1xc1 b6
{ time. }
1-0

[Event "Tourn. n9253"]
[Site "www.chess-mail.com"]
[Date "2017.03.16"]
[Round "1"]
[White "Roque1"]
[Black "Powerchess"]
[WhiteElo "1830"]
[BlackElo "1630"]
[Result "1-0"]
[Round "1"]
1.e4 c5
2.Ng1f3 Nb8c6
3.Bf1b5 g6
4.O-O Bf8g7
5.Nb1c3 d6
6.d3 Bc8d7
7.Bc1e3 Ng8f6
8.Qd1d2 O-O
9.Nc3e2 a6
10.Bb5a4 b5
11.Ba4b3 a5
12.a4 b4
{ time. }
1-0